000 00218nam a2200097Ia 4500
008 230605s9999 xx 000 0 und d
041 _aeng
100 _ajerrmy
245 _aOxforda-z of english usage
650 _aDict.
999 _c417351
_d417351